Sports Quiz

Random Sports or Century Quiz
Score 0/100 Timer 20:00
0 Plays Today
National Team % Correct
BrazilPele
99.2%
ArgentinaDiego Maradona
96.8%
BrazilRonaldo
92.8%
West GermanyFranz Beckenbauer
91.2%
Northern IrelandGeorge Best
91.2%
NetherlandsJohan Cruyff
90.4%
FranceMichel Platini
88%
FranceZinedine Zidane
88%
PortugalEusebio
86.4%
EnglandBobby Charlton
84.8%
ItalyPaolo Maldini
84.8%
NetherlandsMarco van Basten
84%
West GermanyGerd Muller
84%
FranceEric Cantona
84%
BrazilRomario
84%
ItalyRoberto Baggio
82.4%
Argentina, Colombia, SpainAlfredo Di Stefano
81.6%
EnglandBobby Moore
80.8%
LiberiaGeorge Weah
80.8%
EnglandDavid Beckham
80.8%
Hungary, SpainFerenc Puskas
80%
NetherlandsRuud Gullit
80%
West Germany, GermanyJurgen Klinsmann
80%
DenmarkMichael Laudrup
79.2%
RomaniaGheorghe Hagi
78.4%
EnglandGary Lineker
78.4%
DenmarkPeter Schmeichel
78.4%
BrazilZico
77.6%
USSRLev Yashin
76.8%
West Germany, GermanyLothar Matthaus
76.8%
NetherlandsDennis Bergkamp
76.8%
WalesIan Rush
76%
EnglandKevin Keegan
76%
EnglandAlan Shearer
76%
National Team % Correct
WalesRyan Giggs
76%
ScotlandKenny Dalglish
75.2%
ArgentinaGabriel Batistuta
75.2%
BulgariaHristo Stoichkov
75.2%
UkraineAndriy Shevchenko
75.2%
ItalyLuigi Riva
74.4%
BrazilRoberto Carlos
73.6%
BrazilRivaldo
72.8%
NetherlandsFrank Rijkaard
72.8%
EnglandStanley Matthews
72%
ItalyFranco Baresi
71.2%
BrazilGarrincha
71.2%
ItalyPaolo Rossi
71.2%
CameroonRoger Milla
71.2%
BrazilSocrates
70.4%
EnglandGordon Banks
68.8%
ItalyDino Zoff
68.8%
Yugoslavia, CroatiaDavor Suker
67.2%
West GermanyKarl-Heinz Rummenigge
65.6%
EnglandPaul Gascoigne
64.8%
BrazilJairzinho
64%
NetherlandsJohan Neeskens
63.2%
BrazilBebeto
62.4%
WalesJohn Charles
61.6%
FranceJust Fontaine
61.6%
ColombiaCarlos Valderrama
61.6%
FranceDavid Ginola
60.8%
ArgentinaMario Kempes
60.8%
EnglandBryan Robson
60%
NetherlandsEdgar Davids
57.6%
ItalyGiuseppe Meazza
56.8%
EnglandGlenn Hoddle
56.8%
ItalyAlessandro Del Piero
56.8%
BrazilRoberto Rivelino
56%
National Team % Correct
HungarySandor Kocsis
55.2%
EnglandMichael Owen
53.6%
FranceRaymond Kopa
53.6%
ItalyChristian Vieri
52.8%
EnglandDuncan Edwards
52%
EnglandTom Finney
52%
PolandZbigniew Boniek
51.2%
BrazilTostao
50.4%
BrazilPaulo Roberto Falcao
50.4%
East Germany, GermanyMatthias Sammer
49.6%
West GermanySepp Maier
48.8%
ScotlandAlan Hansen
48%
DenmarkPreben Elkjaer Larsen
47.2%
ArgentinaDaniel Passarella
46.4%
ParaguayJose Luis Chilavert
44.8%
UruguayEnzo Francescoli
44.8%
Czechoslovakia, Hungary, SpainLaszlo Kubala
44.8%
EnglandDixie Dean
43.2%
ItalyGiacinto Facchetti
43.2%
BrazilDidi
42.4%
PortugalPaulo Futre
40%
UruguayJuan Alberto Schiaffino
39.2%
Northern IrelandPat Jennings
39.2%
Wales Neville Southall
39.2%
ArgentinaClaudio Caniggia
38.4%
West GermanyGunter Netzer
38.4%
BrazilGerson
35.2%
SpainFrancisco Gento
33.6%
SpainRicardo Zamora
26.4%
ScotlandJim Baxter
26.4%
UruguayJose Nasazzi
17.6%
HungaryGyorgy Sarosi
17.6%
Remove Ads.
Support Sporcle.
Get the best of Sporcle when you Go Orange. This ad-free experience offers more features, more stats, and more fun while also helping to support Sporcle. Thank you for becoming a member.

You're not logged in!

Compare scores with friends on all Sporcle quizzes.
OR
Log In

Show Comments

Extras

Top Quizzes Today


Score Distribution

Your Account Isn't Verified!

In order to create a playlist on Sporcle, you need to verify the email address you used during registration. Go to your Sporcle Settings to finish the process.

Report this User

Report this user for behavior that violates our Community Guidelines.

Details: